| 000 | 00461nam a22001577a 4500 | ||
|---|---|---|---|
| 008 | 230316b |||||||| |||| 00| 0 eng d | ||
| 020 | _a978-1907816758 | ||
| 050 |
_aRC76 _b.C37 2014 |
||
| 100 | _aCartledge, Peter | ||
| 245 |
_aClinical Examination/ _cPeter Cartledge, Catherine Cartledge & Andrew Lockey |
||
| 260 |
_aLondon _bJP medical Ltd _c2014 |
||
| 300 | _aviii, 328p. | ||
| 700 | _aCartledge, Catherine | ||
| 700 | _aLockey, Andrew | ||
| 942 |
_2lcc _cBK |
||
| 999 |
_c20073 _d20072 |
||